| 000 | 00416cam a2200157 a 4500 | ||
|---|---|---|---|
| 020 | _a156458187X : | ||
| 040 | _cDLC | ||
| 082 | 0 | 0 | _a615 DOR 1993 C159 Or. |
| 100 | 1 | _aOdy, Penelope. | |
| 245 | 1 | 4 | _aThe complete medicinal herbal / |
| 250 | _a1st American ed. | ||
| 260 |
_aLondon ; _aNew York : _bDorling Kindersley, _c1993. |
||
| 300 |
_a192 p. : _bill. (some col.) ; _c30 cm. |
||
| 650 | 0 | _aHerbs | |
| 942 | _cAEDBB | ||
| 999 |
_c19043 _d19043 |
||